Bilecik Bilecik Bilecik Bilecik Bilecik

The world is flat : (Record no. 5172)

MARC details
000 -BAŞLIK
Sabit Uzunluktaki Kontrol Alanı 02151nam a22003497a 4500
001 - KONTROL NUMARASI
Control Dosyası 0005190
003 - KONTROL NUMARASI KİMLİĞİ
Kontrol Alanı KOHA_MİRAKIL
005 - EN SON İŞLEM TARİHİ ve ZAMANI
Kontrol Alanı 20260207001435.0
007 - FİZİKSEL TANIM SABİT ALAN - GENEL BİLGİ
Sabit uzunluklu kontrol alanı ta
008 - SABİT UZUNLUKTAKİ VERİ ÖGELERİ - GENEL BİLGİ
Sabit Alan 090604b2006 tu |||gr||||#||||0|tur |
020 ## - ISBN - ULUSLARARASI STANDART KİTAP NUMARASI
Isbn 0374292795
Nitelik bilgileri (hardcover : alk. paper)
020 ## - ISBN - ULUSLARARASI STANDART KİTAP NUMARASI
Isbn 9780374292799
Nitelik bilgileri
040 ## - KATALOGLAMA KAYNAĞI
Özgün Kataloglama Kurumu TR-BiSEU
Kataloglama Dili tur
Çeviri Kurumu TR-BiSEU
Açıklama Kuralları rda
041 0# - DİL KODU
Metin ya da ses kaydının dil kodu tur
044 ## - YAYINLAYAN/ÜRETEN KURULUŞUN ÜLKE KODU
ISO country code tu
050 ## - SINIFLAMA ve YER NUMARASI
Sınıflama Numarası HM846
Yer Numarası .F74 2006
100 1# - KİŞİ ADI
Yazar Adı (Kişi adı) Friedman, Thomas L. .
245 14 - ESER ADI BİLDİRİMİ
Başlık The world is flat :
Alt Eseradı vb. a brief history of the twenty-first century/
Sorumluluk Bildirimi Thomas L. Friedman ; Thomas L. Friedman.
250 ## - BASIM BİLDİRİMİ
Basım Bildirimi 1st updated and expanded ed.
264 #1 - ÜRERİM, YAYIN, DAĞITIM ve TELİF BİLDİRİMİ
Yayın yeri New York :
Yayınlayan Farrar, Straus and Giroux
Yayın tarihi 2006
300 ## - FİZİKSEL TANIMLAMA
Sayfa, Cilt vb. viii, 593 sayfa
336 ## - İÇERİK TÜRÜ
Content type term metin
Content type code txt
Source rdacontent
337 ## - MEDYA TÜRÜ
Media type term aracısız
Media type code n
Source rdamedia
338 ## - TAŞIYICI TÜRÜ
Carrier type term cilt
Carrier type code nc
Source rdacarrier
500 ## - GENEL NOT
Genel Not Dizin var.
505 ## - İÇİNDEKİLER NOTU
İçindekiler Notu How the World Became Flat
650 #0 - KONU BAŞLIĞI EK GİRİŞ - KONU TERİMİ
Konusal terim veya coğrafi ad Diffusion of innovations.
9 (RLIN) 12430
650 #0 - KONU BAŞLIĞI EK GİRİŞ - KONU TERİMİ
Konusal terim veya coğrafi ad Information society.
9 (RLIN) 9152
650 #0 - KONU BAŞLIĞI EK GİRİŞ - KONU TERİMİ
Konusal terim veya coğrafi ad Globalization--Economic aspects.
9 (RLIN) 12431
650 #0 - KONU BAŞLIĞI EK GİRİŞ - KONU TERİMİ
Konusal terim veya coğrafi ad Globalization--Social aspects.
9 (RLIN) 5481
942 ## - EK GİRİŞ ÖGELERİ (KOHA)
Source of classification or shelving scheme Library of Congress Classification
Koha item type Book
505 ## - İÇİNDEKİLER NOTU
-- One: While I Was Sleeping / 3
-- Two: The Ten Forces That Flattened the World / 00
-- Flattener 1. 11/9/89
-- Flattener 2. 8/9/95
-- Flattener 3. The New Age of Collaboration: Work Flow Software
-- Flattener 4. Uploading
-- Flattener 5. Outsourcing
-- Flattener 6. Offshoring
-- Flattener 7. Supply-Chaining
-- Flattener 8. Insourcing
-- Flattener 9. In-forming
-- Flattener 10. The Steroids
-- Three: The Triple Convergence / 000
-- Four: The Great Sorting Out / 000
-- America and the Flat World
-- Five: America and Free Trade / 000
-- Six: The Untouchables / 000
-- Seven: The Right Stuff / 000
-- Eight: The Quiet Crisis / 000
-- Nine: This Is Not a Test / 000
-- Developing Countries and the Flat World
-- Ten: The Virgin of Guadalupe / 000
-- Companies and the Flat World
-- Eleven: How Companies Cope / 000
-- Geopolitics and the Flat World
-- Twelve: The Unflat World / 000
-- Thirteen: Globalization of the Local / 000
-- Fourteen: The Dell Theory of Conflict Prevention / 000
-- Conclusion: Imagination
-- Fifteen: 11/9 Versus 9/11 / 000
-- Acknowledgments / 000
-- Index / 000
--
Holdings
Materyal Türü Kalıcı Konum Mevcut Konum Raf Yeri Sınıflandırma Kaynağı Edinim Bilgisi Ana Konular Alt Konular Yer Numarası Demirbaş Numarası Fatura Tarihi Maliyet, Alış Fiyatı Maliyet, Yenileme Fiyatı Geri Çekilme Durumu Kayıp Durumu Hasarlı Durumu Kredi için değil Kayıt Tarih Toplam Ödünçverme Son Görülme Tarihi Son Kontrol Tarihi Genel / Bağış Notu
Book Prof. Dr. Azmi Özcan Kütüphanesi Prof. Dr. Azmi Özcan Kütüphanesi Uluğbey Salonu Library of Congress Classification Bağış SOSYAL BİLİMLER Sosyoloji (Genel) HM846 .F74 2006 0005190 13/08/2010 14.00 14.00         04/06/2009   05/12/2024 05/12/2024 Genel Bağış